000 002650000a22000970004500
100 1 _aSabra, George
245 1 0 _aThe struggle foe a new society in the middle east
300 _aVol. 45, Num 1 (Marzo, 19919, Páginas 169-174
773 0 _tReformed World
942 _cANA
999 _c55290
_d55290